| 000 | 00444nam a2200169 a 4500 | ||
|---|---|---|---|
| 005 | 20140310183259.0 | ||
| 008 | 970101s19uu xx 00 eng d | ||
| 020 | _a0812533410 | ||
| 050 |
_aPS 2116 _b.J27 1993 |
||
| 100 | _aJames, Henry | ||
| 245 |
_aThe turn of the screw / _cHenry James. |
||
| 260 |
_aNew York : _bPenguin Books, _c1993. |
||
| 300 |
_a146 p. : _c18 cm. |
||
| 650 |
_aClassics _xadvise |
||
| 942 |
_cBK _2lcc |
||
| 999 |
_c20921 _d20921 |
||